Mission:Impossible Cast - Statistics

General Stats
  • This quiz has been taken 41 times
  • The average score is 10 of 17
Answer Stats
Character Actor % Correct
Ethan Hunt Tom Cruise
100%
Benji Dunn Simon Pegg
91%
Ilsa Faust Rebecca Ferguson
79%
Luther Stickell Ving Rhames
76%
William Brandt Jeremy Renner
74%
August Walker Henry Cavill
71%
Alan Hunley Alec Baldwin
59%
Grace Hayley Atwell
59%
Alanna Mitsopolis Vanessa Kirby
56%
Erika Sloane Angela Bassett
47%
Gabriel Esai Morales
44%
Jane Carter Paula Patton
41%
Owen Davian Philip Seymour Hoffman
41%
Julia Meade Michelle Monaghan
38%
Solomon Lane Sean Harris
35%
Nyah Nordoff-Hall Thandiwe Newton
32%
Franz Krieger Jean Reno
29%
No matching quizzes found
Score Distribution
Percent of People with Each Score
Percentile by Number Answered
Your Score History
You have not taken this quiz